000 00267nam a22001217a 4500
008 180307b xxu||||| |||| 00| 0 eng d
041 _aeng
080 _214 ed
_a33
100 _a60
101 _abus
245 _acontemporary business
_ckurtz.b
942 _2udc
_cBK
999 _c44251
_d44251